000 01053nas a2200337 4500
001 BR0403461
003 BR-BrBNA
005 20231205104703.0
007 ta
008 230509b bl.|||p| |||| 00| 00por d
040 _aBR-BrBNA
_bpor
_cBiblioteca Nacional de Agricultura
041 _a(Pt)
072 _aQ54; L02
100 1 _aPrado, I.N. do
100 1 _aLallo, F.H.
100 1 _aZeoula, L.M.
100 1 _aCaldas Neto, S.F.
100 1 _aNascimento, W.G. do
100 1 _aMarques, J. de A.
245 1 _aNíveis de substituição da silagem de milho pela silagem de resíduo industrial de abacaxi sobre o desempenho de bovinos confinados
650 _aBOVINO
650 _aCONFINAMENTO
650 _aSILAGEM
650 _aCARCAÇA
650 _aRESÍDUO INDUSTRIAL
650 _aCOMPOSIÇÃO DE ALIMENTO
650 _aGANHO DE PESO
773 0 _tRevista Brasileira de Zootecnia (Brazil)
_xISSN 1516-3598
_g(May-Jun 2003), v. 32(3) p. 737-744
_wBR0403461
909 _a202311
_bLúcia
_c55
_dLúcia Elande
942 _2AGRIS
_n0
_cANA
999 _c179272
_d179272